Vplyv pracovného prostredia na renografickú krivku

Bibliographic Details
Main Authors: Kolenič, Jozef (Author), Nižňanská, Viera (Author), Petrovičová, Jozefína (Author), Zimáček, Jozef, 1933-2009 (Author)
Format: Article
Language:Slovak
PhysicalDescription:Grafy 2, tab. 1, res. angl., nem., slov., lit. 19 zázn. v angl., češ., slov.
ISSN:1335-0234
Subjects:

MARC

LEADER 00000nab a2200000 a 4500
001 vtls000533886
003 SK-MaSNL
005 20260305004114.0
008 250425c1994 xo 0 slo
015 |a SNBRB19rr/mm-uuuuu 
035 |a CL0534024 
035 |a urn:nbn:sk:snk-abdgw 
035 |a (urnnbn)urn:nbn:sk:snk:ar-a054lw 
035 |a (uuid)d399417b-dad3-406b-8c86-5e31914e932f 
040 |a SNKBUCL  |b slo  |c SNKBUCL  |e AACR2 
041 0 |a slo 
044 |a xo  |c SK 
080 |a 612.466:612.014.46:546.49  |2 1981 
080 |a 612.014.46  |2 1981 
080 |a 546.49  |2 1981 
245 0 0 |a Vplyv pracovného prostredia na renografickú krivku  |c Jozef Kolenič ... [et al.] 
300 |b Grafy 2, tab. 1, res. angl., nem., slov., lit. 19 zázn. v angl., češ., slov. 
650 0 7 |a obličky  |2 snkbucl  |9 14814 
650 0 7 |a bunky tubulárne  |2 snkbucl  |9 1356448 
650 0 7 |a ortuť  |2 snkbucl  |9 17663 
650 0 7 |a renografia izotopová  |2 snkbucl  |9 1581597 
655 7 |a články z novín a časopisov  |2 snkbucl  |9 267496 
700 1 |a Kolenič, Jozef  |4 aut  |9 269103 
700 1 |a Nižňanská, Viera  |4 aut  |9 1581598 
700 1 |a Petrovičová, Jozefína  |4 aut  |9 11929 
700 1 |a Zimáček, Jozef,  |d 1933-2009  |4 aut  |9 417227 
773 0 |t Slovenský lekár  |g Roč. 4 (18), č. 11-12 (1994), s. 33-36  |x 1335-0234 
850 |a Slovenská národná knižnica 
852 |a Slovenská národná knižnica 
954 |a odborná, vedecká literatúra pôvodná (slovenská)  |2 lita 
958 |a article27 
958 |a RK 
958 |a MI 
958 |a NB 
958 |a OND 
958 |a EUIPO 
992 |a RBX 
999 |c 3233932  |d 3235862